00759nam a2200241 a 4500001001300000003000900013005001700022008004100039020002300080082001500103100002100118245008000139260004000219300000900259500003500268505001000303650002000313700002100333902000800354942000700362952013100369999001700500nice12345678IN_TiNIC20260116014140.0050524s2002 newa grp 000 0 eng  a8125088 c59500a297.8bSIK aSikand, Yoginder aOrigins and Development of the Tablighi-Jama`at, 1920-2000, Cross-Country C aNew Delhi bOrient Blackswan c2002 a310p aincludes index and biblioraphy2 aIndex aIslam-Movements1 aSikand, Yoginder bSRS cBK 001040708StackRoom-aHMIbHMId2011-03-14g595.00l2m1o297.8 SIKp020385r2026-03-10s2026-02-10v595.00w2005-05-24yBK c14091d14091